Fundamentals Of Computing (Record no. 24971)

MARC details
000 -LEADER
fixed length control field 00400nam a22001817a 4500
003 - CONTROL NUMBER IDENTIFIER
control field OSt
005 - DATE AND TIME OF LATEST TRANSACTION
control field 20211229131656.0
008 - FIXED-LENGTH DATA ELEMENTS--GENERAL INFORMATION
fixed length control field 211229b |||||||| |||| 00| 0 eng d
020 ## - INTERNATIONAL STANDARD BOOK NUMBER
International Standard Book Number 8125918019
040 ## - CATALOGING SOURCE
Transcribing agency HU
082 ## - DEWEY DECIMAL CLASSIFICATION NUMBER
Classification number 005.133
100 ## - MAIN ENTRY--PERSONAL NAME
Personal name Jeyapoovan T
9 (RLIN) 22832
245 ## - TITLE STATEMENT
Title Fundamentals Of Computing
250 ## - EDITION STATEMENT
Edition statement 2ed
260 ## - PUBLICATION, DISTRIBUTION, ETC.
Place of publication, distribution, etc. Delhi
Name of publisher, distributor, etc. Delhi
300 ## - PHYSICAL DESCRIPTION
Type of unit 310
942 ## - ADDED ENTRY ELEMENTS (KOHA)
Source of classification or shelving scheme Dewey Decimal Classification
Koha item type Books like text book referance book
Suppress in OPAC No
Holdings
Withdrawn status Lost status Source of classification or shelving scheme Damaged status Not for loan Home library Current library Shelving location Date acquired Total Checkouts Full call number Barcode Date last seen Copy number Price effective from Koha item type
    Dewey Decimal Classification     IoT Library IoT Library General Stacks 12/29/2021   005.133/JEY/2005 IOTL0001853 12/29/2021 1 12/29/2021 Books like text book referance book
    Dewey Decimal Classification     IoT Library IoT Library General Stacks 12/29/2021   005.133/JEY/2005 IOTL0001854 12/29/2021 2 12/29/2021 Books like text book referance book
    Dewey Decimal Classification     IoT Library IoT Library General Stacks 12/29/2021   005.133/JEY/2005 IOTL0001855 12/29/2021 3 12/29/2021 Books like text book referance book
    Dewey Decimal Classification     IoT Library IoT Library General Stacks 12/29/2021   005.133/JEY/2005 IOTL0001856 12/29/2021 4 12/29/2021 Books like text book referance book
    Dewey Decimal Classification     IoT Library IoT Library General Stacks 12/29/2021   005.133/JEY/2005 IOTL0001857 12/29/2021 5 12/29/2021 Books like text book referance book
    Dewey Decimal Classification     IoT Library IoT Library General Stacks 12/29/2021   005.133/JEY/2005 IOTL0001858 12/29/2021 6 12/29/2021 Books like text book referance book
    Dewey Decimal Classification     IoT Library IoT Library General Stacks 12/29/2021   005.133/JEY/2005 IOTL0001859 12/29/2021 7 12/29/2021 Books like text book referance book